|
|
|
|
| LEADER |
00000nbm0a2200000 4500 |
| 001 |
157323 |
| 005 |
20231031153717.0 |
| 029 |
0 |
0 |
|a SU
|b 01820074865
|f ТПУ
|
| 035 |
|
|
|a (RuTPU)RU\TPU\book\170642
|
| 090 |
|
|
|a 157323
|
| 100 |
|
|
|a 20090407d1984 k y0rusy50 ca
|
| 101 |
0 |
|
|a rus
|
| 102 |
|
|
|a RU
|
| 105 |
|
|
|a a p 001zy
|
| 200 |
1 |
|
|a Применение методов порошковой металлургии и ионного легирования для повышения стойкости сверл одностороннего резания при обработке отверстий 8, 83 и 9,83 мм в сплаве 36НХТЮ
|e Заключительный отчет о НИР
|e Тема : х/д 4-22/82
|f Томский политехнический институт (ТПИ) ; руководитель А. В. Водопьянов ; И. И. Морозов
|
| 210 |
|
|
|a Томск
|d 1984
|
| 215 |
|
|
|a 57 л.
|
| 320 |
|
|
|a Библиогр.: с. 25.
|
| 610 |
1 |
|
|a порошковая металлургия
|
| 610 |
1 |
|
|a ионное легирование
|
| 610 |
1 |
|
|a сверла
|
| 610 |
1 |
|
|a стойкость
|
| 610 |
1 |
|
|a обработка
|
| 610 |
1 |
|
|a резание
|
| 610 |
1 |
|
|a технология
|
| 610 |
1 |
|
|a инструменты
|
| 610 |
1 |
|
|a прессформы
|
| 610 |
1 |
|
|a отверстия
|
| 610 |
1 |
|
|a изготовление
|
| 610 |
1 |
|
|a отчеты о НИР
|
| 675 |
|
|
|a 621.951.4(04)
|v 3
|
| 702 |
|
1 |
|a Водопьянов
|b А. В.
|g Анатолий Васильевич
|4 673
|
| 702 |
|
1 |
|a Морозов
|b И. И.
|4 677
|
| 712 |
0 |
2 |
|a Томский политехнический институт (ТПИ)
|c (1944-1991)
|2 stltpush
|3 (RuTPU)RU\TPU\col\1123
|4 595
|
| 801 |
|
1 |
|a RU
|b 63413507
|c 20090407
|g PSBO
|
| 801 |
|
2 |
|a RU
|b 63413507
|c 20130701
|g RCR
|
| 942 |
|
|
|c BK
|